Skills for success teacher's manual

Guardat en:
Dades bibliogràfiques
Autor principal: Donna Price-Machado
Format: Llibre
Idioma:Undetermined
Publicat: Cambridge, UK Cambridge University press 2000
Matèries:
Etiquetes: Afegir etiqueta
Sense etiquetes, Sigues el primer a etiquetar aquest registre!
Thư viện lưu trữ: Trung tâm Học liệu Trường Đại học Cần Thơ
LEADER 00584nam a2200181Ia 4500
001 CTU_52188
008 210402s9999 xx 000 0 und d
020 |b 61500 
082 |a 428.24 
082 |b P945 
100 |a Donna Price-Machado 
245 0 |a Skills for success teacher's manual 
245 0 |c Donna Price-Machado 
260 |a Cambridge, UK 
260 |b Cambridge University press 
260 |c 2000 
650 |a english language - textbooks for foreign speakers,english language - textbooks for foreign speakers 
980 |a Trung tâm Học liệu Trường Đại học Cần Thơ